000 00365pam a2200157a 44500
008 230515b1996 xxu||||| |||| 00| 0 eng d
020 _aNULL
041 _aENGLISH
082 _aN.D.
100 _aParker P Sybil
245 _aMcgraw Hill Dictionery Of Engineering
250 _a0
260 _aNULL
_bMcgraw Hill Pub.
_c1996
300 _a654
650 _aNULL
999 _c575249
_d575249